00618nam a22002057a 450000500170000000800410001702000230005804000190008104100120010008200150011210000230012724500520015026000450020230000210024744000370026850400500030565000280035565000190038385000100040220141112153351.0141010b xxu||||| |||| 00| 0 eng d a019809857Xc295.00 aLoreto College aEnglish a324.2bCHA aChakrabarty,Bidyut aCoalition politics in IndiacBidyut Chakrabarty aNew DelhibOxford University Pressc2014 axxix,213pb22cm. aOxford India short introductions aIncludes bibliographical references and index aIndia-Political parties aIndia-Politics aLCLIB